| 000 | 00887nas a2200277 i 4500 | ||
|---|---|---|---|
| 001 | 2263 | ||
| 003 | ES-MaACL | ||
| 005 | 20250411154618.0 | ||
| 007 | t| | ||
| 008 | 950801c1947 gw wr p 0 1 |ger d | ||
| 022 | _a0038-7452 | ||
| 080 | _a43 | ||
| 245 | 0 | 4 | _aDer Spiegel. |
| 260 |
_aHamburg : _bSpiegel Verlag, _c1947- |
||
| 300 |
_a410 v. : _bil. col. y n. ; _c31 cm. |
||
| 310 | _aSemanal | ||
| 362 | 0 | _a1. Jahrg., Nr. 1 (4. Jan. 1947)- | |
| 650 | 4 |
_aRevistas de información general. _916896 |
|
| 655 | 7 |
_2tgfbne _9226866 _aRevistas |
|
| 852 | 4 |
_aES-MaACL _jHEM-1761 _cHEM |
|
| 856 |
_uhttps://archive.org/search?query=Der+Spiegel _yInternet Archive |
||
| 866 | 0 |
_o1964-1966(1967)1968(1969)1970-1971(1972)1973-1981(1982)1983-2008 (2009). _u1967(n.51)1969(n.8)1972(n.39)1982(n.4) |
|
| 942 |
_2udc _cPERIODICA |
||
| 999 |
_c2263 _d2263 |
||